000 00449nam a2200181 a 4500
090 _aRE
_b00020
041 _aspa
110 _bInstituto Geográfico Agustín Codazzi, IGAC
_918570
245 _aSuelos y bosques de Colombia
260 _aBogotá
_bIGAC
_c1988
300 _a134 p.
650 _aSuelos
_9287
650 _aCobertura vegetal
_992269
650 _aBosques
_992270
650 _aMapas
_992258
662 _aColombia
942 _cIMPRESO
999 _c1758
_d1758